Statistics for Countries by Animals

Click here to take the quiz!

General Stats

  • This quiz has been taken 30 times
  • The average score is 8 of 12

Answer Stats

Animals Country % Correct
Mount Sinai gecko, Nile Delta toadEgypt
89%
huhu beetle, laughing owl, shireplitis, kiwiNew Zealand
82%
Alpine chipmunk, island fox, Inyo shrew, Hopi chipmunk, Oʻahu ʻamakihiUnited States
82%
tenrec, lemur, cuckoo rollerMadagascar
79%
silvery gibbon, Javan suriliIndonesia
75%
Bonin flying fox, Amami rabbit, tanukiJapan
61%
Dickson's copper, leopard catshark, Cape genet, Knysna elephantsSouth Africa
61%
marine iguana, Darwin's finches, lava lizardEcuador
57%
Saimaa ringed seal, aethes kyrkii, European roe deerFinland
54%
Eğirdir minnow, jackass shrew, Doğramaci's vole, Antalya bleakTurkey
54%
helix mazzullii, mammamia, Salmo carpio, Monte Albo cave salamanderItaly
46%
Quechuan mouse opossum, Marañón poison frog, hairy long-nosed armadillo, Rio Mayo titiPeru
46%

Score Distribution

Percentile by Number Answered

Percent of People with Each Score

Your Score History

You have not taken this quiz